Role reversal (Record no. 24834)

MARC details
000 -LEADER
fixed length control field 00646nam a22002057a 4500
003 - CONTROL NUMBER IDENTIFIER
control field OSt
005 - DATE AND TIME OF LATEST TRANSACTION
control field 20260618154102.0
008 - FIXED-LENGTH DATA ELEMENTS--GENERAL INFORMATION
fixed length control field 260618b |||||||| |||| 00| 0 eng d
020 ## - INTERNATIONAL STANDARD BOOK NUMBER
International Standard Book Number 1416615064
040 ## - CATALOGING SOURCE
Transcribing agency Chuka university library
100 ## - MAIN ENTRY--PERSONAL NAME
Personal name Barnes Mark
9 (RLIN) 30297
245 ## - TITLE STATEMENT
Title Role reversal
260 ## - PUBLICATION, DISTRIBUTION, ETC.
Place of publication, distribution, etc. Alexandria, Virginia USA
Name of publisher, distributor, etc. ASCD
Date of publication, distribution, etc. 2013
300 ## - PHYSICAL DESCRIPTION
Extent Various pagings
650 ## - SUBJECT ADDED ENTRY--TOPICAL TERM
Topical term or geographic name entry element Classroom management--united states
9 (RLIN) 27900
650 ## - SUBJECT ADDED ENTRY--TOPICAL TERM
Topical term or geographic name entry element Teaching---united states
9 (RLIN) 28742
650 ## - SUBJECT ADDED ENTRY--TOPICAL TERM
Topical term or geographic name entry element Teacher-student relationship--united states
9 (RLIN) 30298
650 ## - SUBJECT ADDED ENTRY--TOPICAL TERM
Topical term or geographic name entry element Educational tests and measurements --united states
9 (RLIN) 28831
942 ## - ADDED ENTRY ELEMENTS (KOHA)
Source of classification or shelving scheme Library of Congress Classification
Koha item type Long Loan Books
Suppress in OPAC No

No items available.

Powered by Koha